| 000 | 004840000a22001930004500 | ||
|---|---|---|---|
| 001 | 001224 | ||
| 003 | MACL | ||
| 005 | 20150929115109.0 | ||
| 008 | 150929b xxu||||| |||| 00| 0 eng d | ||
| 040 |
_aMACL _cMACL |
||
| 041 | _aEnglish | ||
| 082 | _a891 | ||
| 100 |
_aGoodwin, Robert _912599 |
||
| 245 |
_aThe Playworld of Sanskrit Drama _cRobert Goodwin |
||
| 260 |
_aDelhi _c1998 _bMotilal Banarasidas Publishers, |
||
| 350 | _a350 | ||
| 650 |
_aDrama _912600 |
||
| 942 |
_k891 _cBK _2ddc |
||
| 999 |
_c1219 _d1219 |
||